Better homes for old age (Record no. 73597)
[ view plain ]
| 000 -LEADER | |
|---|---|
| fixed length control field | 00867cam a2200205 4500 |
| 001 - CONTROL NUMBER | |
| control field | WB3939-12 |
| 008 - FIXED-LENGTH DATA ELEMENTS--GENERAL INFORMATION | |
| fixed length control field | 031015n2003 000 0 eng u |
| 035 ## - SYSTEM CONTROL NUMBER | |
| System control number | (Sirsi) u123929 |
| 245 ## - TITLE STATEMENT | |
| Title | Better homes for old age |
| 260 ## - PUBLICATION, DISTRIBUTION, ETC. | |
| Date of publication, distribution, etc. | 2003 |
| 490 ## - SERIES STATEMENT | |
| Series statement | Planning (for the Natural and Built Environment) |
| Volume/sequential designation | (1540) 10 October 2003, 4(1) |
| 520 ## - SUMMARY, ETC. | |
| Summary, etc. | The Centre for Policy on Ageing (CPA) and the Housing Corporation have published a pamphlet on the housing needs of older people, claiming that little attention has been paid in the past to such a fundamental issue. "Do we have a choice? Housing for older people" is available for free from the CPA, t +44 (0)20 7553 6500. |
| 590 ## - LOCAL NOTE (RLIN) | |
| Local note | WB |
| 650 ## - SUBJECT ADDED ENTRY--TOPICAL TERM | |
| Topical term or geographic name entry element | OLD PEOPLES HOMES |
| 650 ## - SUBJECT ADDED ENTRY--TOPICAL TERM | |
| Topical term or geographic name entry element | OLDER PEOPLE |
| 650 ## - SUBJECT ADDED ENTRY--TOPICAL TERM | |
| Topical term or geographic name entry element | HOUSING REQUIREMENTS |
| 650 ## - SUBJECT ADDED ENTRY--TOPICAL TERM | |
| Topical term or geographic name entry element | HOUSING DESIGN |
| 690 ## - LOCAL SUBJECT ADDED ENTRY--TOPICAL TERM (OCLC, RLIN) | |
| Topical term or geographic name as entry element | Affordable housing |
| 9 (RLIN) | 6215 |
| 942 ## - ADDED ENTRY ELEMENTS (KOHA) | |
| Suppress in OPAC | 0 |
| Withdrawn status | Lost status | Source of classification or shelving scheme | Damaged status | Not for loan | Home library | Current library | Shelving location | Date acquired | Total Checkouts | Full call number | Barcode | Date last seen | Copy number | Price effective from | Koha item type |
|---|---|---|---|---|---|---|---|---|---|---|---|---|---|---|---|
| Dewey Decimal Classification | London | London | News article | 15/10/2003 | WB3939-12 | 123929-1001 | 06/08/2019 | 1 | 06/08/2019 | News article |